00688nam a2200169 a 450000100100000000500170001000800410002704000250006810000390009324500680013226000560020030000200025604900090027695201050028595201110039099900170050100003177020200930063151.0110701s1988 dr 000 0 spa d aDO-SdBNPbspacBNPHU1 aCastillo R., Marino Vinicio95800410aNecesidad de un proyecto nacional /cMarino Vinicio Castillo R. aSanto Domingo :bFurza Nacional Progresista,c1988. a23 p. ;c21 cm. aBNPD 0010718PDaPDbPDcCTd2011-07-01iLF1l0o p31770-10r2020-06-25w2020-06-25yLFPDZNo se presta 0010718PDaPDbPDcCTd2011-07-01iLF1l0o p31770-20r2020-06-25te. 2w2020-06-25yLFPDZNo se presta c31262d31262